Erythropoiesis and Granulopoiese in the west Indian manatee, Trichechus manatus (<Mammalia: sirenia>) (Registro nro. 9685)

Detalles MARC
000 -CABECERA
Campo de control 006060000a22001810004500
090 ## - CLASIFICACIÓN LOCAL
Colección AR
Consecutivo 00593
041 0# - IDIOMA
Código de idioma para texto/pista de sonido o título separado
100 1# - ASIENTO PRINCIPAL--NOMBRE PERSONAL
Nombre personal Bazzini, María D.
245 10 - MENCION DE TITULO
Título Erythropoiesis and Granulopoiese in the west Indian manatee, Trichechus manatus (<Mammalia: sirenia>)
650 14 - ASIENTO SECUNDARIO DE MATERIA - TERMINO TEMATICO
Término temático o nombre geográfico como elemento de entrada Mamíferos acuáticos
650 14 - ASIENTO SECUNDARIO DE MATERIA - TERMINO TEMATICO
Término temático o nombre geográfico como elemento de entrada Fisiología animal
650 14 - ASIENTO SECUNDARIO DE MATERIA - TERMINO TEMATICO
Término temático o nombre geográfico como elemento de entrada Hematología
653 ## - TERMINO DE INDIZACION - NO CONTROLADO
-- Trichechus
-- Trichechus manatus
-- manatí
700 1# - ASIENTO SECUNDARIO - NOMBRE PERSONAL
Nombre personal Reynolds, John E.
700 1# - ASIENTO SECUNDARIO - NOMBRE PERSONAL
Nombre personal Essman, Richard A.
773 1# - Item fuente:
Título Acta Anatómica
Especificación de materiales 219
Descripción física 126
Paginas del Articulo 150-152
Lugar, editorial y fecha de publicación 1986
942 ## - ELEMENTOS ADICIONALES (KOHA)
Tipo de ítem Artículo
Existencias
Withdrawn status Lost status Damaged status No para préstamo Colección Ubicación Permanente Ubicación actual Fecha de adquisición Fuente de Valor Datos de publicación Seriada Total Checkouts Número topográfico Inventario / Código de Barras Date last seen Ejemplar Price effective from Forma de adquisición Tipo de material
      No para Préstamo Hemeroteca Bogotá Bogotá 27/02/2015 Muñoz Saba, Yaneth Fuera de circulación   AR 00593 010906 25/03/2015 1 25/03/2015   Artículo